000
00297nam a2200133Ia 4500
005
20251222144623.0
008
251222s9999||||xx |||||||||||||| ||spa||
082
_a
370.4/G14
100
_a
Gal, Roger
245
0
_a
La Orientación Escolar
250
_a
2a.ed.
264
_b
Kapeluz
942
_c
LIB
999
_c
16025
_d
16025